|
|
|
|
| LEADER |
00766nab a2200205 i 4500 |
| 001 |
publ36227 |
| 005 |
20250306123029.0 |
| 008 |
250306s2023 hu o 000 eng d |
| 022 |
|
|
|a 2722-4244
|
| 024 |
7 |
|
|a 10.22219/jcse.v4i3.27903
|2 doi
|
| 024 |
7 |
|
|a 34189577
|2 mtmt
|
| 040 |
|
|
|a SZTE Publicatio Repozitórium
|b hun
|
| 041 |
|
|
|a eng
|
| 100 |
1 |
|
|a Wahyuni Andi Sri
|
| 245 |
1 |
0 |
|a Delivering online community service from community perspective
|h [elektronikus dokumentum] :
|b A critical review /
|c Wahyuni Andi Sri
|
| 260 |
|
|
|c 2023
|
| 300 |
|
|
|a 486-491
|
| 490 |
0 |
|
|a Journal of Community Service and Empowerment
|v 4 No. 3
|
| 650 |
|
4 |
|a Közgazdasági és gazdálkodástudományok
|
| 856 |
4 |
0 |
|u http://publicatio.bibl.u-szeged.hu/36227/1/6JCSEAndiSriWahyuni.pdf
|z Dokumentum-elérés
|